| 000 | 01472cab a22004455a 4500 | ||
|---|---|---|---|
| 001 | L154550 | ||
| 008 | 111220e20111117xxk 000 0 eng d | ||
| 035 | _a(Sirsi) u154550 | ||
| 041 | 0 | _aeng | |
| 100 | 1 | _aMurdoch, Sandi | |
| 245 | 0 | 0 | _aChristmas goodies |
| 260 | _c2011 | ||
| 490 |
_aEstates Gazette _v(1150) 17 December 2011, 52-54(3) |
||
| 520 | _aLegal round up of key 2011 decisions. | ||
| 590 | _aKA | ||
| 650 | 2 | 4 | _aBRENT LBC v SHULEM B ASSOCIATION LTD |
| 650 | 2 | 4 | _aCALLADINE-SMITH V SAVEORDER LTD |
| 650 | 2 | 4 | _aCAPITAL HOME LOANS LTD V COUNTRYWIDE SURVEYORS LTD |
| 650 | 2 | 4 | _aDAEJAN INVESTMENTS LTD V BENSON |
| 650 | 2 | 4 | _aGRAND V GILL |
| 650 | 2 | 4 | _aJONES V KANEY |
| 650 | 2 | 4 | _aHASHEMI V GLADEHURST LTD |
| 650 | 2 | 4 | _aK/S VICTORIA STREET V HOUSE OF FRASER (STORES MANAGEMENT) LTD |
| 650 | 2 | 4 | _aMCHALE V CADOGAN |
| 650 | 2 | 4 | _aMOSKOVITZ V 75 WORPOLE ROAD RTM CO LTD |
| 650 | 2 | 4 | _aPANAGOPOULOS V EARL CADOGAN |
| 650 | 2 | 4 | _aPLEDREAM PROPERTIES LTD V 5 FELIX AVENUELONDON LTD |
| 650 | 2 | 4 | _aMURPHY (VO) V COURTNEY PLC |
| 650 | 2 | 4 | _aPOTTS v DENSLEY AND ANOR |
| 650 | 2 | 4 | _aREDROW HOMES (MIDLANDS) LTD V HOTHI |
| 650 | 2 | 4 | _aROBINSON V PE JONES (CONTRACTORS) LTD |
| 650 | 2 | 4 | _aSCULLION V BANK OF SCOTLAND PLC (T/A COLLEYS) |
| 650 | 2 | 4 | _aSEEFF V DINH NAM HO |
| 650 | 2 | 4 | _aTINGDENE HOLIDAY PARKS LTD V COX |
| 651 | 4 | _aUNITED KINGDOM | |
| 690 | _aPROPERTY | ||
| 700 | 1 | _aMurdoch, John | |
| 700 | 1 | _aDriscoll, James | |
| 942 | _n0 | ||
| 999 |
_c83660 _d83660 |
||